मन की लहर : (Record no. 120232)

MARC details
000 -LEADER
fixed length control field 01161nam a22002537a 4500
005 - DATE AND TIME OF LATEST TRANSACTION
control field 20190119123737.0
010 ## - LCCN (DPL NO)
LC control number B-235856
020 ## - INTERNATIONAL STANDARD BOOK NUMBER
Terms of availability 125.00
International Standard Book Number 8177831275
035 ## - SYSTEM CONTROL NUMBER
System control number B-235856 B-235877, B-235869
037 ## - SOURCE OF ACQUISITION
Source of stock number/acquisition Cen Lib/Ret
082 ## - DEWEY DECIMAL CLASSIFICATION NUMBER
Classification number 821
Item number रामप्र
100 ## - MAIN ENTRY--PERSONAL NAME
Personal name रामप्रसाद
245 ## - TITLE STATEMENT
Title मन की लहर :
Statement of responsibility, etc रामप्रसाद ; संपादन मदनलाल वर्मा
Remainder of title कवितायेँ /
246 ## - VARYING FORM OF TITLE
Title proper/short title Man ki leher : kavitayen /
Remainder of title by Ramprasad ; sampadan Madanlal Varma
260 ## - PUBLICATION, DISTRIBUTION, ETC. (IMPRINT)
Place of publication, distribution, etc नई दिल्ली
Name of publisher, distributor, etc प्रवीण प्रकाशन
Date of publication, distribution, etc 2006
270 ## - ADDRESS
City नई दिल्ली
Address 4760-61, द्वितीय ताल, अंसारी रोड, दरियागंज
Postal code 110002
300 ## - PHYSICAL DESCRIPTION
Extent 100पृ.
Dimensions 20सेमी(सजिल्द)
650 ## - SUBJECT ADDED ENTRY--TOPICAL TERM
Topical term or geographic name as entry element हिन्दी -- साहित्य
650 ## - SUBJECT ADDED ENTRY--TOPICAL TERM
Topical term or geographic name as entry element हिन्दी -- काव्य
650 ## - SUBJECT ADDED ENTRY--TOPICAL TERM
Topical term or geographic name as entry element Hindi literature
650 ## - SUBJECT ADDED ENTRY--TOPICAL TERM
Topical term or geographic name as entry element Hindi - Poetry
700 ## - ADDED ENTRY--PERSONAL NAME
Personal name वर्मा, मदनलाल
9 (RLIN) 89274
942 ## - ADDED ENTRY ELEMENTS (KOHA)
Source of classification or shelving scheme Dewey Decimal Classification
Item type Hindi Books
Classification part 821
Call number suffix रामप्र
Holdings
Withdrawn status Lost status Not for loan Home library Current library Date acquired Source of acquisition Cost, normal purchase price Full call number Barcode Copy number Cost, replacement price Koha item type Collection code
      Central Library Central Library 21/09/2015 Cen Lib/Ret 125.00 821 रामप्र B-235856 1 125.00 Hindi Books  
      R.C.Libraries (zls) R.C.Libraries (zls) 05/11/2018   125.00 821 रामप्र B-235877   125.00 Hindi Books Non-fiction
      Shahdara Branch Shahdara Branch 19/01/2019 BPPD/PUB 125.00 821 रामप्र B-235869   125.00 Hindi Books Non-fiction

© Delhi Public Library
Hit Counter
free hit counter